00720 2200265 4500001002100000005001700021008004100038020002200079035002500101040001200126082000800138084001400146100001600160245007800176250001200254260003700266300002200303504003100325650001500356700001700371850001200388990001800400990001800418990001800436INLIS00000000001745320160211112913.0  a978-602-313-030-6 a0010-021600000000541 aYOPDYOG a370 a370 Tho B aThobroni, M aBelajar & pembelajaran : teori praktekc/M.Thobroni; editor, Meita Sandra aCet. 1. aYogyakartabAr-Ruzz Mediac2015. a382 hlm.;c24 cm. aBibliografi : hlm. 369-372 aPendidikan aMeita Sandra aYOPDYOG a21351-PD/B.15 a21352-PD/B.15 a21353-PD/B.15